Cuentos / (Record no. 20904)

000 -CABECERA
fixed length control field 00742nam a22002057a 4500
003 - IDENTIFICADOR DEL NÚMERO DE CONTROL
control field AR-CdUCM
008 - DATOS DE LONGITUD FIJA--INFORMACIÓN GENERAL
fixed length control field 190607b ||||| |||| 00| 0 eng d
040 ## - FUENTE DE LA CATALOGACIÓN
Agencia/entidad que catalogó originalmente la obra MUNICIPALIDAD PROVINCIAL DEL CUSCO
Entidad que transcribió la catalogación BIBLIOTECA MUNICIPAL DEL CUSCO
082 ## - NÚMERO DE LA CLASIFICACIÓN DECIMAL DEWEY
No. de Clasificación 372.64 /
Notacion interna M65
110 ## - ENTRADA PRINCIPAL--NOMBRE DE ENTIDAD CORPORATIVA
Nombre de la institución, jurisdicción como entrada principal Felicidad
9 (RLIN) 43625
245 ## - MENCIÓN DE TÍTULO
Título Cuentos /
260 ## - PUBLICACIÓN, DISTRIBUCIÓN, ETC.
Lugar de publicación, distribución, etc. España :
Nombre de la editorial, distribuidor, etc. Fher,
Fecha de publicación, distribución, etc. 1961.
300 ## - DESCRIPCIÓN FÍSICA
Nº de Páginas Extensión 82 páginas ;
Otros detalles físicos Ilustraciones,
Dimensiones 26 cm.
440 ## - MENCIÓN DE SERIE/PUNTO DE ACCESO ADICIONAL--TÍTULO
Título Mis mejores cuentos de adas --
Número de la parte/sección de una obra 3
9 (RLIN) 43626
505 ## - NOTA DE CONTENIDO CON FORMATO
Nota de contenido formateada Contenido: t3: La bella durmiente -- El escarabajo vanidoso -- El sastre y el zapatero - t4: Caperucita roja -- El gato del titiritero -- La mantequilla mágica...
650 ## - PUNTO DE ACCESO ADICIONAL DE MATERIA--TÉRMINO DE MATERIA
Descriptor Cuentos
9 (RLIN) 217
942 ## - ELEMENTOS DE PUNTO DE ACCESO ADICIONAL (KOHA)
Fuente de clasificación
Tipo de item Libros-BMC
945 ## - PROCESAMIENTO DE INFORMACIÓN LOCAL (OCLC)
Catalogador Javier
Holdings
Estado de retiro (separado) Fuente de clasificación o esquema de estanterías Estado dañado Ubicación Sala donde se ubica Nombre de la colección Fecha de adquisición o compra Costo, precio normal en soles Signatura topográfica Código de Barras Última vez visto (Koha) Tipo de ítem (Koha)
No     Sala de Infantes Sala de Infantes Children's Area 2019-06-07 20.00 372.64 / M65 / v.3 SI00004558 2019-06-07 Libros-BMC
No     Sala de Infantes Sala de Infantes Children's Area 2019-06-07 20.00 372.64 / M65 / v.4 SI00004559 2019-06-07 Libros-BMC

Powered by Koha